Normal view
MARC view
- Chand, Tara
Entry Personal Name
001 - CONTROL NUMBER
- control field: 15128
003 - CONTROL NUMBER IDENTIFIER
- control field: NUST
005 - DATE AND TIME OF LATEST TRANSACTION
- control field: 20190620052034.0
008 - FIXED-LENGTH DATA ELEMENTS
- fixed length control field: 190620|| aca||aabn | a|a d
040 ## - CATALOGING SOURCE
- Original cataloging agency: NUST
- Transcribing agency: NUST
100 ## - HEADING--PERSONAL NAME
- Personal name: Chand, Tara
670 ## - SOURCE DATA FOUND
- Source citation: Work cat.: (NUST): Chand, Tara, Hindustani Saqafat Par Islam K Asrat /, 2007.
